Ends in 'LL' (A-Z) Quiz Stats

 Plays Quiz Updated Jan 1, 2016

Also try: IUM Words
Challenge
Share
Tweet
Embed
Score 0/26 Timer 05:00
3 Plays Today
*LL Answer % Correct
Yyell
94.7%
Vvolleyball
92.6%
OOrwell
91.3%
Hhull
91.3%
Ggrill
91.1%
Rroadkill
91%
Ffarewell
90.6%
Iinstall
88.9%
Llull
88.1%
Sshrill
86.5%
Cchill
85.4%
Kkrill
84.5%
Ppayroll
84%
*LL Answer % Correct
Uunwell
82.8%
Qquell
81.6%
Aatoll
75.9%
Ddistill
70.7%
Eenthrall
66.1%
Bboll
61.2%
Wwindmill
61.1%
Ttwill
59.7%
Jjill
59.7%
Nnumskull
57.5%
Mmandrill
53.8%
Zzill
13.7%
Xxanthophyll
4.9%

You're not logged in!

Compare scores with friends on all Sporcle quizzes.
OR
Log In

You Might Also Like...

Show Comments

Extras

Top Quizzes Today


Score Distribution

Your Account Isn't Verified!

In order to create a playlist on Sporcle, you need to verify the email address you used during registration. Go to your Sporcle Settings to finish the process.

Report this User

Report this user for behavior that violates our Community Guidelines.

Details: